[Event "RSA-ch"]
[Site "Cape Town"]
[Date "2024.04.02"]
[Round "11"]
[White "Karsten, Jan"]
[Black "Klaasen, Calvin Jong"]
[Result "1-0"]
[WhiteElo "2323"]
[BlackElo "2155"]
[PlyCount "71"]
[EventDate "2024.03.25"]
[EventType "tourn"]
[EventRounds "11"]
[EventCountry "RSA"]
[SourceTitle "CB14_2024"]
[SourceDate "2024.04.01"]
[SourceVersion "1"]
[SourceVersionDate "2024.04.01"]
[SourceQuality "1"]

1. e4 e5 2. Nf3 Nc6 3. Bb5 a6 4. Ba4 Nf6 5. 0-0 Be7 6. Re1 b5 7. Bb3 d6 8. c3 0-0 9. h3 Bb7 10. d4 Re8 11. Ng5 Rf8 12. Nf3 Re8 13. Nbd2 Bf8 14. Bc2 h6 15. a4 exd4 16. cxd4 Nb4 17. Bb1 c5 18. d5 Nd7 19. Ra3 c4 20. Nd4 Qf6 21. N2f3 Nc5 22. axb5 axb5 23. Nxb5 Rxa3 24. Nxa3 Nbd3 25. Bxd3 Nxd3 26. Re3 Nxb2 27. Bxb2 Qxb2 28. Nxc4 Qa2 29. Nfd2 Qa7 30. Ra3 Qc5 31. Qb1 Rb8 32. Rb3 Qc7 33. Rb5 Ba6 34. Rxb8 Bxc4 35. Rxf8+ Kxf8 36. Qc1 1-0

[Event "RSA-ch"]
[Site "Cape Town"]
[Date "2024.03.31"]
[Round "8"]
[White "Klaasen, Calvin Jong"]
[Black "Levitan, Caleb Levi"]
[Result "1/2-1/2"]
[WhiteElo "2155"]
[BlackElo "2235"]
[PlyCount "29"]
[EventDate "2024.03.25"]
[EventType "tourn"]
[EventRounds "11"]
[EventCountry "RSA"]
[SourceTitle "CB14_2024"]
[SourceDate "2024.04.01"]
[SourceVersion "1"]
[SourceVersionDate "2024.04.01"]
[SourceQuality "1"]

1. e4 e5 2. Nf3 Nc6 3. d4 exd4 4. Nxd4 Qf6 5. Nxc6 Bc5 6. Qf3 dxc6 7. Bc4 Qg6 8. Nc3 Be6 9. Bxe6 Qxe6 10. Be3 Bxe3 11. Qxe3 Nf6 12. Rd1 0-0 13. 0-0 b6 14. f3 Rfd8 15. Qf4 1/2-1/2

[Event "Kimberley Moja op"]
[Site "Kimberley"]
[Date "2023.10.03"]
[Round "7"]
[White "Klaasen, Calvin Jong"]
[Black "Simpson, Michael"]
[Result "0-1"]
[WhiteElo "2209"]
[BlackElo "2077"]
[PlyCount "60"]
[EventDate "2023.09.30"]
[EventType "swiss"]
[EventRounds "9"]
[EventCountry "RSA"]
[SourceTitle "EXT 2024"]
[Source "ChessBase"]
[SourceDate "2023.10.10"]
[SourceVersion "1"]
[SourceVersionDate "2023.10.10"]
[SourceQuality "1"]

1. c4 e6 2. Nf3 d5 3. e3 Nf6 4. Nc3 b6 5. b3 Bb7 6. Bb2 Nbd7 7. Be2 a6 8. 0-0 Bd6 9. cxd5 exd5 10. d4 0-0 11. Rc1 Re8 12. Qc2 Rc8 13. Rfd1 Qe7 14. Bf1 c5 15. dxc5 bxc5 16. Qf5 g6 17. Qh3 h5 18. Rd2 Ne5 19. Nxe5 Bxe5 20. Qh4 d4 21. exd4 cxd4 22. Ne2 Rxc1 23. Nxc1 Qd6 24. Nd3 Ne4 25. Re2 Nc3 26. Re1 Kg7 27. Nxe5 Rxe5 28. Qg3 Rxe1 29. Bxc3 Qxg3 30. Bxd4+ Qe5 0-1

[Event "Kimberley Moja op"]
[Site "Kimberley"]
[Date "2023.09.30"]
[Round "2"]
[White "Teeke, Karabo"]
[Black "Klaasen, Calvin Jong"]
[Result "0-1"]
[WhiteElo "1776"]
[BlackElo "2209"]
[PlyCount "118"]
[EventDate "2023.09.30"]
[EventType "swiss"]
[EventRounds "9"]
[EventCountry "RSA"]
[SourceTitle "EXT 2024"]
[Source "ChessBase"]
[SourceDate "2023.10.10"]
[SourceVersion "1"]
[SourceVersionDate "2023.10.10"]
[SourceQuality "1"]

1. d4 d5 2. Nc3 Nf6 3. Bf4 a6 4. e3 e6 5. Nf3 Nbd7 6. Be2 c5 7. Ne5 Nxe5 8. Bxe5 Nd7 9. Bf4 cxd4 10. exd4 Be7 11. Qd3 Bf6 12. 0-0-0 b5 13. g4 Bb7 14. Rhg1 h6 15. Qe3 b4 16. Nb1 Qb6 17. g5 hxg5 18. Bxg5 Rc8 19. Bxf6 gxf6 20. h3 a5 21. Rg3 Ba6 22. Bxa6 Qxa6 23. Qd3 Qxd3 24. Rdxd3 Ke7 25. Nd2 Nb8 26. Nb3 Nc6 27. c3 bxc3 28. bxc3 Rh4 29. Kd1 f5 30. Nc5 Ne5 31. Rd2 f4 32. Rg7 Kf6 33. Rg2 Nc4 34. Rc2 Rxh3 35. Rc1 Rch8 36. Kc2 Rh1 37. Rxh1 Rxh1 38. Rg4 Kf5 39. Rg7 f6 40. Re7 Re1 41. Nd7 Re2+ 42. Kd1 f3 43. Rf7 Nb2+ 44. Kc1 Nd3+ 45. Kb1 Rb2+ 46. Ka1 Rxf2 47. Rxf6+ Kg5 48. a3 Nf4 49. Rf8 Re2 50. Rg8+ Kh4 51. Ne5 Rxe5 52. dxe5 f2 53. Rh8+ Kg3 54. Rh1 Kg2 55. Rd1 f1Q 56. Rxf1 Kxf1 57. Kb2 Nd3+ 58. Kb3 Nxe5 59. Ka4 Nc4 0-1

[Event "South African op"]
[Site "Cape Town"]
[Date "2022.07.17"]
[Round "11"]
[White "Klaasen, Calvin Jong"]
[Black "Simpson, Michael"]
[Result "1-0"]
[WhiteElo "2212"]
[BlackElo "1860"]
[PlyCount "79"]
[EventDate "2022.07.09"]
[EventType "swiss"]
[EventRounds "11"]
[EventCountry "RSA"]
[SourceTitle "CBM 209 Extra"]
[Source "ChessBase"]
[SourceDate "2022.09.30"]
[SourceVersion "1"]
[SourceVersionDate "2022.09.30"]
[SourceQuality "1"]

1. d4 d5 2. c4 c6 3. Nf3 Nf6 4. g3 dxc4 5. Bg2 b5 6. a4 Bb7 7. b3 cxb3 8. Qxb3 a6 9. Ba3 e6 10. Bxf8 Rxf8 11. 0-0 Nbd7 12. Nc3 Qb6 13. Rfc1 Rc8 14. e3 Ke7 15. Ne1 Rfd8 16. Nd3 Ke8 17. Ne4 Nxe4 18. Bxe4 Nf6 19. Bg2 Rb8 20. Nc5 Rdc8 21. Rc2 Nd7 22. a5 Nxc5 23. Rxc5 Qd8 24. Qc3 Qd6 25. Rc1 Rc7 26. d5 Kf8 27. dxc6 Ba8 28. h4 h6 29. g4 b4 30. Qb3 Rb5 31. Rxb5 axb5 32. Rd1 Qe7 33. Rd7 Rxd7 34. cxd7 Qxd7 35. Qxb4+ Kg8 36. Bxa8 Qd1+ 37. Kg2 f5 38. Bf3 Qd7 39. a6 e5 40. gxf5 1-0

[Event "South African op"]
[Site "Cape Town"]
[Date "2022.07.16"]
[Round "10"]
[White "De Jager, Andreas"]
[Black "Klaasen, Calvin Jong"]
[Result "0-1"]
[WhiteElo "1853"]
[BlackElo "2212"]
[PlyCount "128"]
[EventDate "2022.07.09"]
[EventType "swiss"]
[EventRounds "11"]
[EventCountry "RSA"]
[SourceTitle "CBM 209 Extra"]
[Source "ChessBase"]
[SourceDate "2022.09.30"]
[SourceVersion "1"]
[SourceVersionDate "2022.09.30"]
[SourceQuality "1"]

1. e4 c5 2. Nf3 Nc6 3. d4 cxd4 4. Nxd4 g6 5. Nc3 Bg7 6. Be3 Nf6 7. Be2 0-0 8. Qd2 d6 9. f3 Nxd4 10. Bxd4 Be6 11. Nd5 Bxd5 12. exd5 Rc8 13. b3 Nd7 14. c4 Bxd4 15. Qxd4 Qa5+ 16. Kf2 a6 17. a3 Qb6 18. Qxb6 Nxb6 19. Rhe1 Rc7 20. Bd3 a5 21. a4 Re8 22. Re3 Nd7 23. Rae1 Nc5 24. Bc2 e5 25. Ke2 f5 26. Kd2 Rf8 27. Kc3 Rg7 28. R3e2 h5 29. h4 g5 30. hxg5 Rxg5 31. Rh1 Rf7 32. Kb2 Rfg7 33. Rh2 f4 34. Kc3 Kf7 35. Kd2 Rg8 36. Ke1 Rh8 37. Rh4 Kf6 38. Kf2 Rhg8 39. Kf1 Kg7 40. Re1 Kh6 41. Rh2 Rg3 42. Rb1 Na6 43. Kf2 R3g5 44. Rbh1 Rh8 45. Rh3 Nc5 46. R3h2 Kg7 47. Rb1 Na6 48. Rbh1 Kf6 49. Rh4 Ke7 50. R1h2 Nc5 51. Rh1 Nd7 52. Rb1 Kd8 53. Bd3 Kc7 54. Bf1 Kb6 55. Ke2 Kc5 56. Kd3 Kb4 57. Kc2 Rhg8 58. Kb2 Rxg2+ 59. Bxg2 Rxg2+ 60. Ka1 Ka3 61. Rbh1 Ra2+ 62. Kb1 Rb2+ 63. Kc1 Nc5 64. Rxh5 Nd3+ 0-1

[Event "RSA-ch"]
[Site "Cape Town"]
[Date "2022.05.12"]
[Round "7"]
[White "Klaasen, Calvin Jong"]
[Black "Mazibuko, Khanya"]
[Result "1-0"]
[WhiteElo "2245"]
[BlackElo "1917"]
[PlyCount "111"]
[EventDate "2022.05.07"]
[EventType "tourn"]
[EventRounds "9"]
[EventCountry "RSA"]
[SourceTitle "CBM 208 Extra"]
[Source "ChessBase"]
[SourceDate "2022.07.31"]
[SourceVersion "1"]
[SourceVersionDate "2022.07.31"]
[SourceQuality "1"]

1. e4 e5 2. Nf3 Nc6 3. Bb5 a6 4. Ba4 Nf6 5. 0-0 Be7 6. Re1 b5 7. Bb3 d6 8. c3 0-0 9. h3 Nb8 10. d3 Nbd7 11. Nbd2 h6 12. Nf1 Re8 13. Ng3 Bf8 14. Nh2 Nc5 15. Bc2 d5 16. Qf3 d4 17. Nf5 Bxf5 18. Qxf5 Qd7 19. Qxd7 Nfxd7 20. Nf3 Ne6 21. Bb3 c5 22. Bd5 Ra7 23. c4 Bd6 24. g3 bxc4 25. Bxc4 Nb6 26. Nd2 Nd8 27. Bb3 Nc6 28. Nc4 Bc7 29. Bd2 Nxc4 30. Bxc4 Rb8 31. b3 a5 32. Rec1 Bd6 33. a4 Kf8 34. Bb5 Nb4 35. Bxb4 cxb4 36. Rc6 Ke7 37. Rac1 Rbb7 38. Rc8 Rc7 39. R1xc7+ Rxc7 40. Re8+ Kf6 41. Bc4 Re7 42. Ra8 Bc7 43. Ra6+ Kg5 44. h4+ Kh5 45. Kg2 f6 46. Kh3 Kg6 47. Ra8 Kh7 48. h5 g6 49. Rf8 gxh5 50. Rxf6 Kg7 51. Rc6 Rd7 52. Kh4 Bd8+ 53. Kxh5 Bg5 54. Rc5 Be3 55. f3 Rd6 56. Rxe5 1-0

[Event "Titled Tuesday intern op 04th Jan"]
[Site "Chess.com INT"]
[Date "2022.01.04"]
[Round "8"]
[White "Deviprasath, Sharvesh"]
[Black "Klaasen, Calvin Jong"]
[Result "1-0"]
[WhiteElo "2268"]
[BlackElo "2208"]
[PlyCount "67"]
[EventDate "2022.01.04"]
[EventType "swiss (blitz)"]
[EventRounds "11"]
[EventCountry "USA"]
[SourceTitle "EXT 2023"]
[Source "ChessBase"]
[SourceDate "2022.10.05"]
[SourceVersion "1"]
[SourceVersionDate "2022.10.05"]
[SourceQuality "1"]

1. d4 Nf6 2. c4 g6 3. Nc3 Bg7 4. Nf3 0-0 5. Bg5 h6 6. Bd2 c5 7. d5 e6 8. Qc1 exd5 9. cxd5 Kh7 10. h4 d6 11. h5 Nxh5 12. e4 Na6 13. Bd3 Nb4 14. Bb1 c4 15. Qd1 Nd3+ 16. Bxd3 cxd3 17. Be3 Bg4 18. Qxd3 Bxf3 19. gxf3 Rc8 20. 0-0-0 Qa5 21. Kb1 Bxc3 22. bxc3 Qxc3 23. Qxc3 Rxc3 24. Bxa7 Rxf3 25. Be3 Re8 26. Rd4 f5 27. Rb4 Re7 28. e5 dxe5 29. d6 Rd7 30. Rc1 f4 31. Rc7 Rxc7 32. dxc7 fxe3 33. c8Q exf2 34. Qxb7+ 1-0

[Event "Titled Tuesday intern op 04th Jan"]
[Site "Chess.com INT"]
[Date "2022.01.04"]
[Round "5"]
[White "Klaasen, Calvin Jong"]
[Black "Ashiev, Eduard"]
[Result "1-0"]
[WhiteElo "2208"]
[BlackElo "2202"]
[PlyCount "47"]
[EventDate "2022.01.04"]
[EventType "swiss (blitz)"]
[EventRounds "11"]
[EventCountry "USA"]
[SourceTitle "EXT 2023"]
[Source "ChessBase"]
[SourceDate "2022.10.05"]
[SourceVersion "1"]
[SourceVersionDate "2022.10.05"]
[SourceQuality "1"]

1. Nf3 d5 2. d4 Nf6 3. g3 e6 4. Bg2 Be7 5. c4 0-0 6. Nc3 c6 7. 0-0 dxc4 8. Ne5 c5 9. dxc5 Bxc5 10. Nxc4 Qe7 11. Bf4 Rd8 12. Qb3 Nc6 13. e3 Nd5 14. Ne4 Bd7 15. Nxc5 Qxc5 16. Bd6 Na5 17. Bxc5 Nxb3 18. axb3 Rac8 19. Bxa7 Bb5 20. Rfc1 Nb4 21. Bb6 Rd3 22. Bf1 Rxb3 23. Nd2 Rxc1 24. Rxc1 1-0

[Event "Titled Tuesday intern op 04th Jan"]
[Site "Chess.com INT"]
[Date "2022.01.04"]
[Round "7"]
[White "Klaasen, Calvin Jong"]
[Black "Prithu, Gupta"]
[Result "1-0"]
[WhiteElo "2208"]
[BlackElo "2444"]
[PlyCount "57"]
[EventDate "2022.01.04"]
[EventType "swiss (blitz)"]
[EventRounds "11"]
[EventCountry "USA"]
[SourceTitle "EXT 2023"]
[Source "ChessBase"]
[SourceDate "2022.10.05"]
[SourceVersion "1"]
[SourceVersionDate "2022.10.05"]
[SourceQuality "1"]

1. Nf3 d5 2. d4 Nf6 3. g3 c5 4. Bg2 Nc6 5. 0-0 cxd4 6. Nxd4 e6 7. c4 Be7 8. Nc3 0-0 9. cxd5 exd5 10. Bg5 Qb6 11. Nb3 d4 12. Bxf6 Bxf6 13. Nd5 Qd8 14. Nxf6+ Qxf6 15. Bxc6 Qxc6 16. Nxd4 Qb6 17. b3 Bh3 18. Re1 Rac8 19. e3 Qg6 20. Qf3 Rc7 21. Rac1 Rfc8 22. Rxc7 Rxc7 23. Qf4 Rc8 24. e4 h5 25. Nf5 Qf6 26. Rc1 Rxc1+ 27. Qxc1 g6 28. Ne3 Qf3 29. Qc4 1-0

[Event "Titled Tuesday intern op 04th Jan"]
[Site "Chess.com INT"]
[Date "2022.01.04"]
[Round "4"]
[White "Klaasen, Calvin Jong"]
[Black "Vlassov, Nikolai"]
[Result "0-1"]
[WhiteElo "2208"]
[BlackElo "2294"]
[PlyCount "60"]
[EventDate "2022.01.04"]
[EventType "swiss (blitz)"]
[EventRounds "11"]
[EventCountry "USA"]
[SourceTitle "EXT 2023"]
[Source "ChessBase"]
[SourceDate "2022.10.05"]
[SourceVersion "1"]
[SourceVersionDate "2022.10.05"]
[SourceQuality "1"]

1. d4 Nf6 2. c4 Nc6 3. Nf3 e6 4. a3 g6 5. Nc3 Bg7 6. e4 d5 7. e5 Ne4 8. Bd3 Nxc3 9. bxc3 dxc4 10. Bxc4 Na5 11. Bd3 c5 12. Qa4+ Bd7 13. Bb5 Nc6 14. Bg5 Qc7 15. Qb3 h6 16. Bf6 Bxf6 17. exf6 cxd4 18. 0-0 Qf4 19. Bxc6 Bxc6 20. Qb4 0-0-0 21. Nxd4 Bd5 22. Nc6 Qxb4 23. Nxa7+ Kb8 24. axb4 Bc4 25. Rfc1 Rd5 26. b5 Rhd8 27. b6 Rd2 28. h3 R8d6 29. Rab1 R6d5 30. Rb4 Rc5 0-1

[Event "RSA-ch"]
[Site "Cape Town"]
[Date "2019.12.14"]
[Round "8"]
[White "Gluckman, Paul"]
[Black "Klaasen, Calvin Jong"]
[Result "1-0"]
[WhiteElo "1943"]
[BlackElo "2247"]
[PlyCount "109"]
[EventDate "2019.12.07"]
[EventType "tourn"]
[EventRounds "11"]
[EventCountry "RSA"]
[SourceTitle "CBM 193 Extra"]
[Source "ChessBase"]
[SourceDate "2020.01.31"]
[SourceVersion "1"]
[SourceVersionDate "2020.01.31"]
[SourceQuality "1"]

1. e4 c5 2. Nf3 Nc6 3. d4 cxd4 4. Nxd4 g6 5. Nc3 Bg7 6. Be3 Nf6 7. Be2 0-0 8. Nb3 d6 9. 0-0 a5 10. a3 Be6 11. Nd4 Nxd4 12. Bxd4 a4 13. Re1 Qa5 14. Bf3 Nd7 15. Bxg7 Kxg7 16. Qd4+ Kg8 17. Be2 Rfc8 18. Rad1 Nb6 19. Bd3 Qc5 20. Bf1 Qxd4 21. Rxd4 Nc4 22. Nd5 Bxd5 23. exd5 b5 24. Rxe7 Nxb2 25. Rf4 f5 26. Rb4 Nd1 27. Rxb5 Rcb8 28. g3 Nc3 29. Rbb7 Rxb7 30. Rxb7 Rc8 31. Rb6 Nxd5 32. Rxd6 Nc3 33. Rd4 Kf7 34. Bd3 Ke7 35. Kf1 h5 36. h4 Ra8 37. Rb4 Kd6 38. Rb6+ Kc5 39. Rb7 Nd5 40. Rg7 Rb8 41. Rxg6 Rb1+ 42. Kg2 Ra1 43. Bxf5 Rxa3 44. Be6 Nb6 45. Rh6 Rc3 46. Rxh5+ Kb4 47. Rh7 a3 48. Rb7 Kc5 49. Rc7+ Kb4 50. Rxc3 Kxc3 51. Bb3 Nc4 52. h5 Nd2 53. Ba2 Ne4 54. h6 Nf6 55. Bb3 1-0

[Event "RSA-ch"]
[Site "Cape Town"]
[Date "2019.12.11"]
[Round "5"]
[White "Pon, Matt"]
[Black "Klaasen, Calvin Jong"]
[Result "1/2-1/2"]
[WhiteElo "2189"]
[BlackElo "2247"]
[PlyCount "41"]
[EventDate "2019.12.07"]
[EventType "tourn"]
[EventRounds "11"]
[EventCountry "RSA"]
[SourceTitle "CBM 193 Extra"]
[Source "ChessBase"]
[SourceDate "2020.01.31"]
[SourceVersion "1"]
[SourceVersionDate "2020.01.31"]
[SourceQuality "1"]

1. d4 Nf6 2. c4 g6 3. Nc3 Bg7 4. e4 d6 5. Nf3 0-0 6. h3 e5 7. d5 a5 8. Bg5 Na6 9. Be2 Qe8 10. g4 Nd7 11. Nd2 Ndc5 12. a3 Bd7 13. Rg1 Kh8 14. Qc2 c6 15. a4 f5 16. Be3 Rc8 17. f3 Qe7 18. g5 fxe4 19. Ndxe4 Nb4 20. Qd1 Nxe4 21. fxe4 1/2-1/2

[Event "Africa-ch"]
[Site "Hammamet"]
[Date "2019.07.13"]
[Round "5"]
[White "Klaasen, Calvin Jong"]
[Black "El Gindy, Essam"]
[Result "0-1"]
[WhiteElo "2285"]
[BlackElo "2423"]
[PlyCount "142"]
[EventDate "2019.07.09"]
[EventType "swiss"]
[EventRounds "9"]
[EventCountry "TUN"]
[SourceTitle "CBM 191 Extra"]
[Source "ChessBase"]
[SourceDate "2019.09.30"]
[SourceVersion "1"]
[SourceVersionDate "2019.09.30"]
[SourceQuality "1"]

1. d4 Nf6 2. c4 e6 3. Nf3 Bb4+ 4. Nbd2 0-0 5. a3 Be7 6. e4 d6 7. Be2 Nfd7 8. 0-0 e5 9. Nb1 exd4 10. Nxd4 Nc5 11. Nc3 a5 12. b3 Bf6 13. Be3 Re8 14. Qc2 Nc6 15. Ndb5 b6 16. Rab1 Bb7 17. f3 Bxc3 18. Nxc3 f5 19. b4 axb4 20. axb4 Ne6 21. Rfd1 fxe4 22. c5 exf3 23. Bxf3 Nxb4 24. Rxb4 Bxf3 25. gxf3 bxc5 26. Rg4 Qf6 27. Ne4 Qf5 28. Rg3 Kh8 29. Qc3 Re7 30. Kh1 Rf8 31. Rdg1 Rff7 32. Ng5 Nxg5 33. Bxg5 Re6 34. Bc1 Rg6 35. Bb2 Kg8 36. Ba1 Re7 37. Bb2 Qf7 38. Rxg6 hxg6 39. Rg3 Re2 40. Rg2 Re7 41. Rg3 Qf5 42. Ba3 Kh7 43. Rg1 Qd5 44. Bb2 Rf7 45. Rg3 Qd1+ 46. Kg2 Re7 47. Rh3+ Kg8 48. Qc4+ d5 49. Rh8+ Kxh8 50. Qh4+ Kg8 51. Qxe7 Qd2+ 52. Kg3 Qxb2 53. Qd8+ Kh7 54. Qh4+ Kg8 55. Qd8+ Kf7 56. Qd7+ Kf6 57. Qd8+ Ke6 58. Qe8+ Kd6 59. Qd8+ Kc6 60. Qa8+ Kd6 61. Qd8+ Kc6 62. Qa8+ Qb7 63. Qe8+ Kb6 64. Qxg6+ c6 65. h4 Qe7 66. h5 d4 67. f4 c4 68. Qb1+ Kc5 69. Qf5+ Kb6 70. Qb1+ Kc7 71. Qa2 Qc5 0-1

[Event "Africa-ch"]
[Site "Hammamet"]
[Date "2019.07.12"]
[Round "4"]
[White "Munenga, Douglas D"]
[Black "Klaasen, Calvin Jong"]
[Result "1-0"]
[WhiteElo "2329"]
[BlackElo "2285"]
[PlyCount "115"]
[EventDate "2019.07.09"]
[EventType "swiss"]
[EventRounds "9"]
[EventCountry "TUN"]
[SourceTitle "CBM 191 Extra"]
[Source "ChessBase"]
[SourceDate "2019.09.30"]
[SourceVersion "1"]
[SourceVersionDate "2019.09.30"]
[SourceQuality "1"]

1. e4 c5 2. Nf3 Nc6 3. c4 g6 4. d4 cxd4 5. Nxd4 Bg7 6. Be3 Nf6 7. Nc3 0-0 8. Be2 d6 9. 0-0 Bd7 10. Re1 Nxd4 11. Bxd4 Bc6 12. Bd3 a5 13. Qd2 Nd7 14. Bxg7 Kxg7 15. Re3 Nf6 16. Rh3 h5 17. Re3 a4 18. h3 Qa5 19. f4 e5 20. f5 Qc5 21. Rf1 h4 22. Kh2 Rh8 23. Ref3 Raf8 24. R3f2 Qd4 25. Ne2 Qc5 26. Nc3 Qd4 27. Bc2 Qc5 28. b3 Rh5 29. b4 Qxc4 30. fxg6 fxg6 31. b5 Bxb5 32. Qxd6 Qxf1 33. Rxf1 Bxf1 34. Bd1 Rg5 35. Bf3 Rf7 36. Nxa4 Bc4 37. a3 Nd7 38. Nc3 Nf6 39. Nd1 Rd7 40. Qb4 Ba6 41. Ne3 Rf7 42. a4 Nd7 43. Qd2 Rg3 44. Ng4 Rxg4 45. hxg4 Nb8 46. Qg5 Nc6 47. Qxh4 Kg8 48. Kg3 Rh7 49. Qf6 Rg7 50. g5 Kh7 51. Bg4 Bc4 52. Bc8 Ba6 53. Be6 Nd4 54. Bd5 Ne2+ 55. Kf3 Nc3 56. Be6 Bd3 57. Qxe5 Nxa4 58. Qh2# 1-0

[Event "Pretoria Capablanca Memorial"]
[Site "Pretoria"]
[Date "2019.04.21"]
[Round "6"]
[White "Klaasen, Calvin Jong"]
[Black "Bezuidenhout, Roland Reinhold"]
[Result "1/2-1/2"]
[WhiteElo "2282"]
[BlackElo "2171"]
[PlyCount "120"]
[EventDate "2019.04.18"]
[EventType "tourn"]
[EventRounds "9"]
[EventCountry "RSA"]
[EventCategory "1"]
[SourceTitle "CBM 189 Extra"]
[Source "ChessBase"]
[SourceDate "2019.06.03"]
[SourceVersion "1"]
[SourceVersionDate "2019.06.03"]
[SourceQuality "1"]

1. d4 Nf6 2. c4 e6 3. Nf3 d5 4. Nc3 c5 5. e3 dxc4 6. Bxc4 a6 7. a4 Nc6 8. 0-0 Be7 9. Qe2 0-0 10. Rd1 Qc7 11. Bd2 Bd7 12. Rac1 Rac8 13. d5 exd5 14. Nxd5 Nxd5 15. Bxd5 b5 16. axb5 axb5 17. b3 b4 18. h3 Qb6 19. Be1 Bf6 20. Nd2 Ne7 21. Ne4 Bf5 22. Qf3 Bxe4 23. Qxe4 Nxd5 24. Rxd5 Rfd8 25. Rxd8+ Rxd8 26. Qc4 h6 27. Kf1 Be7 28. Rc2 Qg6 29. Rd2 Rxd2 30. Bxd2 Qb1+ 31. Ke2 Qb2 32. Kd3 Qb1+ 33. Ke2 Qb2 34. Qd5 Bf6 35. Kd1 Qb1+ 36. Ke2 Qb2 37. Kd1 Qb1+ 38. Bc1 g6 39. Qc4 Bc3 40. f3 Qa2 41. g4 Qg2 42. Qe2 Qxe2+ 43. Kxe2 c4 44. bxc4 b3 45. Kd3 b2 46. Bxb2 Bxb2 47. c5 Kf8 48. Kc4 Ke7 49. Kd5 Kd7 50. e4 g5 51. c6+ Kc7 52. e5 Bc3 53. e6 fxe6+ 54. Kxe6 Kxc6 55. Kf5 Kd6 56. f4 Bd2 57. fxg5 hxg5 58. Kg6 Ke5 59. Kh5 Kf6 60. h4 gxh4 1/2-1/2

[Event "Pretoria Capablanca Memorial"]
[Site "Pretoria"]
[Date "2019.04.21"]
[Round "7"]
[White "Mwale, Joseph"]
[Black "Klaasen, Calvin Jong"]
[Result "1/2-1/2"]
[WhiteElo "2281"]
[BlackElo "2282"]
[PlyCount "49"]
[EventDate "2019.04.18"]
[EventType "tourn"]
[EventRounds "9"]
[EventCountry "RSA"]
[EventCategory "1"]
[SourceTitle "CBM 189 Extra"]
[Source "ChessBase"]
[SourceDate "2019.06.03"]
[SourceVersion "1"]
[SourceVersionDate "2019.06.03"]
[SourceQuality "1"]

1. Nf3 c5 2. g3 Nc6 3. Bg2 g6 4. d4 cxd4 5. Nxd4 Bg7 6. Nb3 d6 7. 0-0 Nf6 8. c4 0-0 9. Nc3 a6 10. c5 dxc5 11. Nxc5 Qa5 12. Nd3 Bf5 13. Qa4 Qxa4 14. Nxa4 Nd4 15. Nc3 Nxe2+ 16. Nxe2 Bxd3 17. Re1 Be4 18. Bxe4 Nxe4 19. Nf4 f5 20. Ne6 Rf7 21. f3 Nd6 22. Ng5 Rff8 23. Ne6 Rf7 24. Ng5 Rff8 25. Ne6 1/2-1/2

[Event "Pretoria Capablanca Memorial"]
[Site "Pretoria"]
[Date "2019.04.19"]
[Round "2"]
[White "Klaasen, Calvin Jong"]
[Black "Barrish, Daniel"]
[Result "1/2-1/2"]
[WhiteElo "2282"]
[BlackElo "2181"]
[PlyCount "146"]
[EventDate "2019.04.18"]
[EventType "tourn"]
[EventRounds "9"]
[EventCountry "RSA"]
[EventCategory "1"]
[SourceTitle "CBM 189 Extra"]
[Source "ChessBase"]
[SourceDate "2019.06.03"]
[SourceVersion "1"]
[SourceVersionDate "2019.06.03"]
[SourceQuality "1"]

1. Nf3 d5 2. d4 Nf6 3. Bf4 e6 4. e3 Bd6 5. Nbd2 Bxf4 6. exf4 b6 7. c3 0-0 8. Bd3 Ba6 9. Bxa6 Nxa6 10. Qe2 Qc8 11. a3 c5 12. 0-0 Nc7 13. Rfe1 Nce8 14. Rac1 Nd6 15. c4 Qa6 16. dxc5 bxc5 17. cxd5 Qxe2 18. Rxe2 Nxd5 19. g3 Rab8 20. Nc4 Nb7 21. Nce5 Rbc8 22. Rec2 Rc7 23. Nd3 Rfc8 24. Nd2 f6 25. b3 Nb6 26. Ne4 Nd7 27. Rc3 Kf8 28. Kf1 Ke7 29. Ke2 Nd6 30. Nxd6 Kxd6 31. Nb2 Nb6 32. Nc4+ Nxc4 33. Rxc4 Rb8 34. R1c3 Rc6 35. Kd2 Rb7 36. Rd3+ Ke7 37. Ra4 Rd6 38. Rxd6 Kxd6 39. Kc3 Kd5 40. Ra5 Rc7 41. Kd3 Rd7 42. Ra6 Rb7 43. Kc3 Rd7 44. f3 h6 45. Ra5 Rc7 46. Kd3 Rd7 47. Kc3 Rc7 48. Ra4 Re7 49. Re4 Rb7 50. Re3 Rb8 51. Rd3+ Kc6 52. Kc4 g6 53. h4 h5 54. Re3 Kd6 55. Re4 Re8 56. Re3 Rb8 57. Re4 Re8 58. Kc3 Kc6 59. Ra4 Kb6 60. Re4 Kc6 61. Kc4 Kd6 62. Re2 Rb8 63. Rg2 Rh8 64. Rg1 Kc6 65. Re1 Kd6 66. Ra1 Kc6 67. b4 cxb4 68. axb4 Kb7 69. Re1 Rc8+ 70. Kb5 a6+ 71. Ka4 Rc6 72. Re3 Rd6 73. Kb3 Kb6 1/2-1/2

[Event "Olympiad-43"]
[Site "Batumi"]
[Date "2018.09.30"]
[Round "6.40"]
[White "Al Hosani, Omran"]
[Black "Klaasen, Calvin Jong"]
[Result "0-1"]
[WhiteElo "2115"]
[BlackElo "2262"]
[PlyCount "100"]
[EventDate "2018.09.24"]
[EventType "team-swiss"]
[EventRounds "11"]
[EventCountry "GEO"]
[SourceTitle "CBM 187"]
[Source "ChessBase"]
[SourceDate "2018.12.11"]
[SourceVersion "1"]
[SourceVersionDate "2018.12.11"]
[SourceQuality "1"]
[WhiteTeam "United Arab Emirates"]
[BlackTeam "South Africa"]
[WhiteTeamCountry "UAE"]
[BlackTeamCountry "RSA"]

1. d4 d6 2. e4 Nf6 3. Nc3 g6 4. Bf4 Bg7 5. Qd2 0-0 6. 0-0-0 c6 7. Bh6 b5 8. Bxg7 Kxg7 9. f3 Qc7 10. g4 e5 11. h4 h5 12. g5 Nh7 13. f4 exf4 14. Qxf4 f6 15. Qg3 fxg5 16. hxg5 Qe7 17. Kb1 b4 18. Nce2 Nxg5 19. Bg2 Bg4 20. e5 d5 21. Re1 Na6 22. Nf4 Nc7 23. Ngh3 Nce6 24. Nxg5 Nxg5 25. e6 Qf6 26. e7 Qxf4 27. exf8Q+ Rxf8 28. Re7+ Kh6 29. Qe1 Qxd4 30. Rb7 a5 31. Rc7 Qf2 32. Rf1 Qxe1+ 33. Rxe1 Rf6 34. Ra7 Rf2 35. Bh1 Bf5 36. Rxa5 Rxc2 37. Ka1 Ne4 38. Ra4 c5 39. Bxe4 Bxe4 40. a3 bxa3 41. bxa3 h4 42. Ra8 Kg5 43. Rh8 Kg4 44. a4 h3 45. Rg1+ Rg2 46. Rh1 Ra2+ 47. Kxa2 Bxh1 48. a5 d4 49. a6 Kg3 50. a7 Bd5+ 0-1